Battling the nine-headed monster

Bibliographic Details
Format: Book
Published: Beijing : Foreign Language Press , 1986
Series:Monkey series.19
Subjects:

MARC

LEADER 00000cam a2200000 7i4500
001 0000085825
005 20201108.0
008 201108
020 |a 0835117456 
090 0 0 |a CT   |b ENG 
245 1 0 |a Battling the nine-headed monster   |c adapted by Fang Yuan 
260 |a Beijing :   |b Foreign Language Press ,   |c 1986 
300 |a 62pg. :   |b Col. ill. 
490 1 |a Monkey series.19 
500 |a Children ages 7-9 years old (orange) 
650 0 |a Chinese fiction 
650 0 |a Folklore 
999 |a 0000820206   |b Book   |c Children Collection   |e Cawangan Segamat 
999 |a 0000820207   |b Book   |c Children Collection   |e Cawangan Segamat